Recenzija na sbornik materialov meždunarodnoj naučno-praktičeskoj konferencii "Informacionnyje technologii v ekonomike i obrazovanii II" g. Bratislava (Slovakija), 2 marta 2012 g.

Recenzia na zborník z medzinárodnej vedecko-praktickej konferencie s názvom Informačné technológie v ekonomike a vzdelávaní II., ktorá sa uskutočnila v Bratislave, 2. marca 2012.

Salvato in:
Dettagli Bibliografici
Autore principale: Rechtoríková, Gabriela
Natura: Capitolo di libro
Lingua:russo
Soggetti:
Tags: Aggiungi Tag
Nessun Tag, puoi essere il primo ad aggiungerne!!

MARC

LEADER 00000naa$a2200000$$$4500
001 0152794
005 20240502072724.4
041 0 |a rus 
044 |a SK 
245 1 0 |a Recenzija na sbornik materialov meždunarodnoj naučno-praktičeskoj konferencii "Informacionnyje technologii v ekonomike i obrazovanii II" g. Bratislava (Slovakija), 2 marta 2012 g.  |c Gabriela Rechtoríková 
520 |a Recenzia na zborník z medzinárodnej vedecko-praktickej konferencie s názvom Informačné technológie v ekonomike a vzdelávaní II., ktorá sa uskutočnila v Bratislave, 2. marca 2012. 
610 2 0 |a technológie informačné 
610 2 0 |a technológie komunikačné 
610 2 0 |a počítače 
610 2 0 |a vzdelávanie 
610 2 0 |a ekonómia 
610 2 0 |a recenzie 
100 1 |a Rechtoríková, Gabriela